<?xml version="1.0" encoding="UTF-8"?>
<record
    xmlns:xsi="http://www.w3.org/2001/XMLSchema-instance"
    xsi:schemaLocation="http://www.loc.gov/MARC21/slim http://www.loc.gov/standards/marcxml/schema/MARC21slim.xsd"
    xmlns="http://www.loc.gov/MARC21/slim">

  <leader>00673nam a2200169Ia 4500</leader>
  <controlfield tag="008">100122s9999    xx            000 0 und d</controlfield>
  <datafield tag="082" ind1=" " ind2=" ">
    <subfield code="b">69921</subfield>
    <subfield code="a">294.5</subfield>
  </datafield>
  <datafield tag="100" ind1=" " ind2=" ">
    <subfield code="a">&#x938;&#x94B;&#x928;&#x935;&#x923;&#x940; &#x938;&#x902;&#x91C;&#x92F;</subfield>
  </datafield>
  <datafield tag="245" ind1=" " ind2=" ">
    <subfield code="a">&#x939;&#x93F;&#x902;&#x926;&#x942; &#x927;&#x930;&#x94D;&#x92E;&#x93E;&#x91A;&#x947; &#x936;&#x948;&#x935; &#x930;&#x939;&#x938;&#x94D;&#x92F;</subfield>
  </datafield>
  <datafield tag="260" ind1=" " ind2=" ">
    <subfield code="b">&#x92A;&#x941;&#x937;&#x94D;&#x92A;&#x915; &#x92A;&#x94D;&#x930;&#x915;&#x93E;&#x936;&#x928;</subfield>
    <subfield code="c">2006</subfield>
  </datafield>
  <datafield tag="300" ind1=" " ind2=" ">
    <subfield code="a">160</subfield>
  </datafield>
  <datafield tag="520" ind1=" " ind2=" ">
    <subfield code="a">"&#x906;&#x930;&#x94D;&#x92F;, &#x935;&#x938;&#x93F;&#x937;&#x94D;&#x920;, &#x935;&#x948;&#x937;&#x94D;&#x923;&#x935;"</subfield>
  </datafield>
  <datafield tag="620" ind1=" " ind2=" ">
    <subfield code="a">"&#x906;&#x930;&#x94D;&#x92F;, &#x935;&#x938;&#x93F;&#x937;&#x94D;&#x920;, &#x935;&#x948;&#x937;&#x94D;&#x923;&#x935;"</subfield>
  </datafield>
  <datafield tag="630" ind1=" " ind2=" ">
    <subfield code="a">&#x939;&#x93F;&#x902;&#x926;&#x942; &#x927;&#x930;&#x94D;&#x92E;&#x93E;&#x91A;&#x947; &#x936;&#x948;&#x935; &#x930;&#x939;&#x938;&#x94D;&#x92F;</subfield>
  </datafield>
  <datafield tag="730" ind1=" " ind2=" ">
    <subfield code="a">&#x939;&#x93F;&#x902;&#x926;&#x942; &#x927;&#x930;&#x94D;&#x92E;&#x93E;&#x91A;&#x947; &#x936;&#x948;&#x935; &#x930;&#x939;&#x938;&#x94D;&#x92F;</subfield>
  </datafield>
  <datafield tag="942" ind1=" " ind2=" ">
    <subfield code="c">BOOK</subfield>
  </datafield>
  <datafield tag="999" ind1=" " ind2=" ">
    <subfield code="c">441067</subfield>
    <subfield code="d">441064</subfield>
  </datafield>
  <datafield tag="952" ind1=" " ind2=" ">
    <subfield code="0">0</subfield>
    <subfield code="1">0</subfield>
    <subfield code="4">0</subfield>
    <subfield code="7">0</subfield>
    <subfield code="a">SVPPARLE</subfield>
    <subfield code="b">SVPPARLE</subfield>
    <subfield code="d">2006-11-11</subfield>
    <subfield code="g">120.00</subfield>
    <subfield code="l">0</subfield>
    <subfield code="o">69921</subfield>
    <subfield code="p">SVPPARLE-69921</subfield>
    <subfield code="r">2010-01-25 00:00:00</subfield>
    <subfield code="v">120.00</subfield>
    <subfield code="w">2010-01-25</subfield>
    <subfield code="y">BOOK</subfield>
    <subfield code="z">General NA</subfield>
  </datafield>
</record>
